[Event "Youth Classic 2017 - Youth Open U14"]
[Site "Bad Soden Neuenhain, Bürgerhau"]
[Date "2017.09.30"]
[Round "1.1"]
[White "Gallasch, Jonas"]
[Black "Pfaff, Pawel"]
[Result "1-0"]
[WhiteElo "1761"]
[BlackElo "1021"]
[PlyCount "67"]
[EventDate "2017.??.??"]
[WhiteTeam "SG Porz"]
[BlackTeam "SC Bad Soden"]

1. d4 Nc6 2. Nf3 d5 3. c4 e6 4. Nc3 Nf6 5. Bg5 h6 6. Bxf6 Qxf6 7. cxd5 exd5 8.
Nxd5 Qd6 9. Nc3 Qd7 10. e3 Bb4 11. Bb5 O-O 12. d5 Qf5 13. O-O Ne7 14. e4 Qg6
15. Qd4 Bh3 16. Nh4 Qg5 17. Qxb4 a5 18. Qd4 Ng6 19. Qe3 Nf4 20. Qg3 Qf6 21.
gxh3 c6 22. dxc6 bxc6 23. Bc4 Ra7 24. Ng2 Nh5 25. Qe3 Rb7 26. Be2 Rb5 27. Nxb5
Qxb2 28. Rab1 Qe5 29. Bxh5 Qxh5 30. Nd4 Re8 31. Nxc6 Qg6 32. Nxa5 Rxe4 33. Qd3
Kh8 34. f3 1-0

[Event "Youth Classic 2017 - Youth Open U14"]
[Site "Bad Soden Neuenhain, Bürgerhau"]
[Date "2017.09.30"]
[Round "1.2"]
[White "Edelmann, Viktor"]
[Black "Riemann, Jonas"]
[Result "0-1"]
[WhiteElo "999"]
[BlackElo "1689"]
[PlyCount "80"]
[EventDate "2017.??.??"]
[WhiteTeam "SC Frankfurt-West"]
[BlackTeam "SK Bickenbach"]

1. e4 e6 2. d4 d5 3. e5 c5 4. Nf3 Nc6 5. c3 Qb6 6. Bf4 Qxb2 7. Nbd2 Qxc3 8. Rc1
Qa5 9. Ra1 c4 10. Qc1 Ba3 11. Qc2 Nge7 12. Be2 Nf5 13. Be3 b5 14. Rb1 Bd7 15.
O-O Rb8 16. Rfd1 Qc7 17. Nf1 a5 18. Bc1 Nb4 19. Rxb4 Bxb4 20. a3 Bf8 21. Ng3
Nxg3 22. fxg3 h6 23. Rf1 b4 24. a4 b3 25. Qd2 Be7 26. Bd1 c3 27. Qf2 f5 28. Nh4
Bxh4 29. gxh4 b2 30. Bh5+ Ke7 31. Bxb2 cxb2 32. Rb1 Qc1+ 33. Rxc1 bxc1=Q+ 34.
Qf1 Qe3+ 35. Kh1 Rhc8 36. h3 Rc1 37. Bd1 Rbb1 38. Kh2 Rxd1 39. Qxd1 Rxd1 40. g3
Qf2# 0-1

[Event "Youth Classic 2017 - Youth Open U14"]
[Site "Bad Soden Neuenhain, Bürgerhau"]
[Date "2017.09.30"]
[Round "1.3"]
[White "Hagner, Bennet"]
[Black "Fuchs, Henrik"]
[Result "1-0"]
[WhiteElo "1680"]
[BlackElo "988"]
[PlyCount "30"]
[EventDate "2017.??.??"]
[WhiteTeam "Frankfurter TV"]
[BlackTeam "SC Bad Soden"]

1. e4 e5 2. Nf3 Nc6 3. d4 exd4 4. Bc4 Nf6 5. O-O Be7 6. e5 d5 7. exf6 dxc4 8.
fxe7 Qxe7 9. Re1 Be6 10. Nxd4 Nxd4 11. Qxd4 c5 12. Qxg7 O-O-O 13. Bg5 Qd7 14.
Qe5 Qc6 15. Nc3 Rd7 1-0

[Event "Youth Classic 2017 - Youth Open U14"]
[Site "Bad Soden Neuenhain, Bürgerhau"]
[Date "2017.09.30"]
[Round "1.4"]
[White "Rahimova, Sarah"]
[Black "Boder, Jan"]
[Result "0-1"]
[WhiteElo "987"]
[BlackElo "1772"]
[PlyCount "62"]
[EventDate "2017.??.??"]
[WhiteTeam "SK Bad Homburg"]
[BlackTeam "SG Mörsdorf-Lahr"]

1. e4 c5 2. Nf3 g6 3. Nc3 Bg7 4. Bc4 Nc6 5. d3 e6 6. O-O Nge7 7. Re1 O-O 8. Bg5
h6 9. Bxe7 Nxe7 10. e5 d5 11. exd6 Qxd6 12. Nb5 Qb6 13. d4 cxd4 14. Nfxd4 a6
15. Nc7 Qxc7 16. Bb3 Rd8 17. c3 e5 18. Rc1 exd4 19. cxd4 Qd6 20. Qf3 Be6 21.
Qxb7 Rab8 22. Qa7 Bxb3 23. axb3 Nc6 24. Qxa6 Nxd4 25. Qxd6 Rxd6 26. Rcd1 Rbd8
27. b4 Nf3+ 28. gxf3 Rxd1 29. Rxd1 Rxd1+ 30. Kg2 Bxb2 31. b5 Bd4 0-1

[Event "Youth Classic 2017 - Youth Open U14"]
[Site "Bad Soden Neuenhain, Bürgerhau"]
[Date "2017.09.30"]
[Round "1.5"]
[White "Haack, Kevin"]
[Black "Paukstys, Andrius"]
[Result "1-0"]
[WhiteElo "1655"]
[BlackElo "975"]
[PlyCount "63"]
[EventDate "2017.??.??"]
[WhiteTeam "SC Bad Soden"]
[BlackTeam "SC Bad Soden"]

1. c4 e5 2. g3 d6 3. Bg2 Nf6 4. Nc3 Nc6 5. e3 Bf5 6. Nge2 Qd7 7. d4 O-O-O 8.
Qb3 Re8 9. Nb5 a6 10. Na7+ Kd8 11. Qxb7 Nxa7 12. Qxa7 Qc8 13. Bc6 Bd7 14. Bb7
Qxb7 15. Qxb7 Bc8 16. Qb3 Be7 17. Bd2 Ne4 18. Ba5 Bf6 19. Qb8 Re7 20. dxe5 Bxe5
21. Qa8 Rhe8 22. O-O-O Rd7 23. Nd4 Bxd4 24. Rxd4 Nc5 25. Qc6 Ne6 26. Rxd6 g6
27. Rhd1 Ree7 28. Rxd7+ Rxd7 29. Rxd7+ Bxd7 30. Qxa6 Bc8 31. Qd6+ Ke8 32. Bxc7
1-0

[Event "Youth Classic 2017 - Youth Open U14"]
[Site "Bad Soden Neuenhain, Bürgerhau"]
[Date "2017.09.30"]
[Round "1.6"]
[White "Boder, Finn"]
[Black "Lorenz, Alexander"]
[Result "0-1"]
[WhiteElo "968"]
[BlackElo "1539"]
[PlyCount "66"]
[EventDate "2017.??.??"]
[WhiteTeam "SG Mörsdorf-Lahr"]
[BlackTeam "SV Bergwinkel"]

1. e4 c5 2. Nf3 d6 3. Nc3 Nc6 4. h3 Nf6 5. Bc4 g6 6. d3 Bg7 7. Bg5 O-O 8. O-O
Bd7 9. a3 Qc8 10. Nd5 Be6 11. b4 cxb4 12. axb4 Bxd5 13. exd5 Nxb4 14. c3 Nbxd5
15. Bxf6 Nxf6 16. Qe2 e6 17. Ng5 Re8 18. Qe3 a6 19. Qg3 d5 20. Bb3 Qxc3 21. Ba4
Rec8 22. Qe3 Qb4 23. Rfb1 Qe7 24. Qb6 Rc7 25. Rb3 Rac8 26. Rab1 Rc1+ 27. Rxc1
Rxc1+ 28. Kh2 Ng4+ 29. Kg3 Qxg5 30. hxg4 Be5+ 31. Kf3 Qf4+ 32. Ke2 Rc2+ 33. Ke1
Qc1# 0-1

[Event "Youth Classic 2017 - Youth Open U14"]
[Site "Bad Soden Neuenhain, Bürgerhau"]
[Date "2017.09.30"]
[Round "1.7"]
[White "Werner, Tom"]
[Black "Edelmann, Anastasija"]
[Result "1-0"]
[WhiteElo "1554"]
[BlackElo "956"]
[PlyCount "47"]
[EventDate "2017.??.??"]
[WhiteTeam "VSG Offenbach"]
[BlackTeam "SC Frankfurt-West"]

1. c4 e5 2. Nc3 Nc6 3. Nf3 Nf6 4. g3 d5 5. cxd5 Nxd5 6. Bg2 Bg4 7. O-O e4 8.
Nxe4 Bxf3 9. Bxf3 Bd6 10. Nxd6+ Qxd6 11. Qb3 Nce7 12. Qxb7 Qd8 13. b3 O-O 14.
Bb2 c6 15. Bxd5 cxd5 16. Rac1 Rb8 17. Qa6 Qd7 18. Qd3 Qg4 19. Rc7 Ng6 20. Qd4
Nf4 21. Qxf4 Qxe2 22. Qg5 g6 23. Qh6 f6 24. Qg7# 1-0

[Event "Youth Classic 2017 - Youth Open U14"]
[Site "Bad Soden Neuenhain, Bürgerhau"]
[Date "2017.09.30"]
[Round "1.8"]
[White "Albrecht, Edwin"]
[Black "Schwegler, Jelena"]
[Result "0-1"]
[WhiteElo "952"]
[BlackElo "1462"]
[PlyCount "70"]
[EventDate "2017.??.??"]
[WhiteTeam "SC Bad Soden"]
[BlackTeam "SK Bad Homburg"]

1. e4 e5 2. Nf3 Nc6 3. Bc4 Bc5 4. c3 Nf6 5. d4 exd4 6. cxd4 Bb4+ 7. Bd2 Bxd2+
8. Nbxd2 O-O 9. d5 Ne7 10. O-O d6 11. h3 Ng6 12. Re1 Re8 13. Qc2 Nh5 14. Qc3 f5
15. e5 dxe5 16. Nxe5 Nf8 17. Re2 Nf4 18. d6+ Be6 19. Bxe6+ N8xe6 20. dxc7 Nxe2+
21. Kf1 Nxc3 22. cxd8=Q Raxd8 23. Ndf3 Rd1+ 24. Rxd1 Nxd1 25. b3 Rc8 26. Ke2
Nc3+ 27. Kd3 Nxa2 28. Nh4 g6 29. g4 fxg4 30. Nxg4 Rc3+ 31. Ke2 Nf4+ 32. Kd2
Rxb3 33. Nf6+ Kg7 34. Ne8+ Kh6 35. Nf6 Kg5 0-1

[Event "Youth Classic 2017 - Youth Open U14"]
[Site "Bad Soden Neuenhain, Bürgerhau"]
[Date "2017.09.30"]
[Round "1.9"]
[White "Porstendörfer, Yannik"]
[Black "Stapel, Max"]
[Result "1-0"]
[WhiteElo "1231"]
[BlackElo "934"]
[PlyCount "99"]
[EventDate "2017.??.??"]
[WhiteTeam "SK Klingenberg"]
[BlackTeam "SC Flörsheim"]

1. c4 e5 2. Nc3 Nc6 3. d3 Nf6 4. g3 Bb4 5. a3 Bc5 6. b4 Bd4 7. Bb2 Ng4 8. e3
Bxc3+ 9. Bxc3 d6 10. Bg2 O-O 11. h3 Nf6 12. Ne2 b6 13. Bxc6 Rb8 14. O-O Bxh3
15. Bg2 Bg4 16. Qc2 Bd7 17. d4 Be6 18. d5 Bg4 19. Bb2 Qd7 20. Nc3 Bh3 21. Ne4
Qf5 22. Nxf6+ gxf6 23. Qxf5 Bxf5 24. e4 Bg6 25. f4 f5 26. Rae1 Rbe8 27. exf5
Bxf5 28. fxe5 Bd3 29. Rf3 Bxc4 30. Rc3 Bxd5 31. Bxd5 dxe5 32. Rxc7 Kg7 33.
Bxe5+ Kg6 34. Bc3 Rd8 35. Rc6+ f6 36. Be4+ Kg7 37. Rc7+ Kg8 38. Bxh7+ Kh8 39.
Rf1 Rd6 40. g4 a6 41. g5 b5 42. gxf6 Rb6 43. Rg7 Rc6 44. f7 Rxc3 45. Rg8+ Kxh7
46. Rxf8 Kg7 47. Rg8+ Kh6 48. f8=Q+ Kh5 49. Rf5+ Kh4 50. Qh6# 1-0

[Event "Youth Classic 2017 - Youth Open U14"]
[Site "Bad Soden Neuenhain, Bürgerhau"]
[Date "2017.09.30"]
[Round "1.10"]
[White "Murmann, Jonas"]
[Black "Müller, Maurice-Pascal"]
[Result "0-1"]
[WhiteElo "916"]
[BlackElo "1403"]
[PlyCount "94"]
[EventDate "2017.??.??"]
[WhiteTeam "SG Mörsdorf-Lahr"]
[BlackTeam "SC Landskrone"]

1. d4 d5 2. c4 Nf6 3. Nc3 g6 4. Bg5 Bg7 5. e3 Be6 6. Nf3 dxc4 7. Ne5 O-O 8.
Bxc4 Bxc4 9. Nxc4 Nbd7 10. O-O c6 11. e4 b5 12. Nd2 h6 13. Bxf6 Nxf6 14. Nb3 b4
15. e5 bxc3 16. exf6 Bxf6 17. bxc3 Qd5 18. Re1 e6 19. Qd2 Bg5 20. Qb2 Rab8 21.
Re5 Qd6 22. Qc2 Bf4 23. Ra5 Bxh2+ 24. Kf1 Rb5 25. g3 Rxa5 26. Nxa5 Bxg3 27.
fxg3 Qxg3 28. Qf2 Qxc3 29. Nb3 Rb8 30. Rc1 Qh3+ 31. Ke2 Qh5+ 32. Qf3 Qb5+ 33.
Kf2 Qa4 34. Rc2 Rb6 35. Qc3 Qb5 36. Nc5 a5 37. a4 Qb4 38. Qxb4 Rxb4 39. Ke3 h5
40. Rd2 Kg7 41. Kf4 Kh6 42. Ke5 Rb1 43. Rf2 Kg7 44. Ne4 Re1 45. Rf4 f5 46. Kxe6
Rxe4+ 47. Rxe4 fxe4 0-1

[Event "Youth Classic 2017 - Youth Open U14"]
[Site "Bad Soden Neuenhain, Bürgerhau"]
[Date "2017.09.30"]
[Round "1.11"]
[White "Werner, Rosalie"]
[Black "Gärtner, Johannes"]
[Result "1-0"]
[WhiteElo "1404"]
[BlackElo "878"]
[PlyCount "47"]
[EventDate "2017.??.??"]
[WhiteTeam "VSG Offenbach"]
[BlackTeam "SF Heidesheim"]

1. e4 e6 2. d4 d5 3. e5 c5 4. c3 Nc6 5. Nf3 b6 6. Be2 c4 7. O-O Nge7 8. Na3 Ba6
9. b4 b5 10. Nxb5 Bxb5 11. a4 Bxa4 12. Qxa4 Qd7 13. b5 Nb8 14. b6 Nbc6 15. Bd2
g6 16. Rfb1 Bg7 17. Bg5 h6 18. Bxe7 Kxe7 19. bxa7 Rxa7 20. Qb5 Rb8 21. Qc5+ Kd8
22. Rxb8+ Nxb8 23. Rxa7 Qc8 24. Qe7# 1-0

[Event "Youth Classic 2017 - Youth Open U14"]
[Site "Bad Soden Neuenhain, Bürgerhau"]
[Date "2017.09.30"]
[Round "1.13"]
[White "Moldenhauer, Lennart"]
[Black "Samodurow, Georg"]
[Result "1-0"]
[WhiteElo "1272"]
[BlackElo "831"]
[PlyCount "69"]
[EventDate "2017.??.??"]
[WhiteTeam "SV Oberursel"]
[BlackTeam "SC Bad Soden"]

1. e4 e5 2. Nf3 Nc6 3. d4 d6 4. dxe5 dxe5 5. Qxd8+ Kxd8 6. Bc4 Nh6 7. Bxh6 gxh6
8. Bxf7 Bd7 9. Nc3 Bc5 10. Bd5 Nb4 11. Bb3 Re8 12. a3 Nc6 13. Na4 Bd6 14. O-O-O
Na5 15. Bd5 Bxa4 16. Bf7 Re7 17. Ba2 Bb5 18. b4 Nc6 19. Bb3 Be2 20. Rd2 Bxf3
21. gxf3 Nd4 22. Ba2 Nxf3 23. Rd3 Ng5 24. c4 c6 25. c5 Rd7 26. cxd6 Nxe4 27.
Rg1 Nf6 28. Be6 e4 29. Rdd1 Ke8 30. Bxd7+ Kxd7 31. Rg7+ Kd8 32. Rf7 Nd7 33.
Rxh7 Ke8 34. Re1 Nf6 35. Rh8+ 1-0

[Event "Youth Classic 2017 - Youth Open U14"]
[Site "Bad Soden Neuenhain, Bürgerhau"]
[Date "2017.09.30"]
[Round "1.14"]
[White "Litzinger, Jan"]
[Black "Gräf, Jakob"]
[Result "0-1"]
[WhiteElo "805"]
[BlackElo "1268"]
[PlyCount "90"]
[EventDate "2017.??.??"]
[WhiteTeam "SC Flörsheim"]
[BlackTeam "SV Frankfurt Nord"]

1. e4 c6 2. Nf3 d5 3. d3 dxe4 4. dxe4 Qxd1+ 5. Kxd1 Bg4 6. Be2 Nf6 7. Nc3 Nbd7
8. Be3 e5 9. h3 Bh5 10. g4 Bg6 11. g5 Nxe4 12. Nxe4 Bxe4 13. Ke1 Be7 14. c3 O-O
15. Rg1 Rad8 16. Rd1 Nb6 17. Nxe5 f6 18. a4 fxe5 19. f4 exf4 20. Bxf4 Rxd1+ 21.
Bxd1 Rxf4 22. b3 Bc5 23. Rf1 Rxf1+ 24. Kxf1 Bd3+ 25. Ke1 Be3 26. a5 Nd5 27. b4
Nf4 28. Be2 Bxe2 29. c4 Bxc4 30. a6 Bxa6 31. b5 Bxb5 32. h4 Kf7 33. g6+ Kxg6
34. h5+ Kxh5 35. Kd1 Kg4 36. Ke1 Kf5 37. Kd1 Ke4 38. Ke1 Bc5 39. Kd1 Bb4 40.
Kc1 Ba4 41. Kb2 Kd3 42. Ka2 Kc2 43. Ka1 Bc5 44. Ka2 Bb3+ 45. Ka1 Bd4# 0-1

[Event "Youth Classic 2017 - Youth Open U14"]
[Site "Bad Soden Neuenhain, Bürgerhau"]
[Date "2017.09.30"]
[Round "1.15"]
[White "Wu, Sifan"]
[Black "Coskun, Eray"]
[Result "1-0"]
[WhiteElo "1264"]
[BlackElo "795"]
[PlyCount "59"]
[EventDate "2017.??.??"]
[WhiteTeam "SV Oberursel"]
[BlackTeam "SC Flörsheim"]

1. e4 e5 2. Nf3 Nc6 3. Bb5 Nf6 4. O-O Bc5 5. Bxc6 dxc6 6. Nxe5 Qd4 7. Nf3 Qxe4
8. Re1 Be3 9. Rxe3 Qxe3 10. dxe3 O-O 11. Nc3 Bg4 12. h3 Bh5 13. b3 b5 14. Bb2
Rad8 15. Qe2 b4 16. Na4 Ne4 17. g4 Bg6 18. Ne5 Rd2 19. Qe1 c5 20. Nxg6 fxg6 21.
Nxc5 Rxc2 22. Bxg7 Rxc5 23. Bxf8 Kxf8 24. Qxb4 a5 25. Qxe4 Kg7 26. Qd4+ Re5 27.
Qxe5+ Kh6 28. g5+ Kh5 29. Qf4 h6 30. Qg4# 1-0

[Event "Youth Classic 2017 - Youth Open U14"]
[Site "Bad Soden Neuenhain, Bürgerhau"]
[Date "2017.09.30"]
[Round "1.16"]
[White "Wolf, Jonathan"]
[Black "Porstendörfer, Eric"]
[Result "0-1"]
[WhiteElo "791"]
[BlackElo "1253"]
[PlyCount "84"]
[EventDate "2017.??.??"]
[WhiteTeam "SV Frankfurt Nord"]
[BlackTeam "SK Klingenberg"]

1. d4 d5 2. c4 c6 3. Nf3 Bg4 4. h3 Bh5 5. Bf4 e6 6. e3 Nh6 7. Be2 Bb4+ 8. Nbd2
Bxf3 9. gxf3 Nf5 10. a3 Bxd2+ 11. Qxd2 Nh4 12. O-O-O O-O 13. e4 dxe4 14. fxe4
Qf6 15. e5 Qf5 16. Rdg1 Rd8 17. Rg5 Qe4 18. f3 Nxf3 19. Bxf3 Qxf3 20. Qg2 Qxf4+
21. Kb1 g6 22. Rf1 Qxd4 23. Qf2 Qxf2 24. Rxf2 Rd4 25. Rgg2 Rxc4 26. b3 Rc3 27.
Kb2 Rxh3 28. Rd2 Na6 29. Rh2 Rxh2 30. Rxh2 Nc5 31. b4 Nd3+ 32. Kc3 Nxe5 33. Rd2
f5 34. Rd6 f4 35. Kd4 Nf3+ 36. Ke4 Ng5+ 37. Kxf4 h6 38. Rd7 Rf8+ 39. Ke3 Rf7
40. Rd8+ Kg7 41. Ra8 Rf3+ 42. Kd4 Rxa3 0-1

[Event "Youth Classic 2017 - Youth Open U14"]
[Site "Bad Soden Neuenhain, Bürgerhau"]
[Date "2017.09.30"]
[Round "1.17"]
[White "Gertel, Josef"]
[Black "Koch, Laura"]
[Result "1/2-1/2"]
[WhiteElo "1253"]
[BlackElo "774"]
[PlyCount "61"]
[EventDate "2017.??.??"]
[WhiteTeam "SC Frankfurt-West"]
[BlackTeam "SV Frankfurt Nord"]

1. e4 e5 2. Nf3 Nc6 3. Bc4 Nf6 4. d3 d6 5. c3 Be6 6. Bb3 d5 7. Nbd2 Bc5 8. O-O
O-O 9. h3 Qd7 10. Qe2 d4 11. Bxe6 Qxe6 12. Nc4 Rad8 13. Rd1 b5 14. Na5 Nxa5 15.
b4 Bb6 16. bxa5 Bxa5 17. cxd4 Bc3 18. Bb2 exd4 19. Rdc1 Qc6 20. Bxc3 dxc3 21.
Qc2 b4 22. Rab1 a5 23. a3 Rfe8 24. Qb3 Rxd3 25. Ng5 Re7 26. Rd1 Qd7 27. Qc2 Rd2
28. Rxd2 cxd2 29. Rd1 c5 30. Rxd2 Qc7 31. Qc4 1/2-1/2

[Event "Youth Classic 2017 - Youth Open U14"]
[Site "Bad Soden Neuenhain, Bürgerhau"]
[Date "2017.09.30"]
[Round "1.18"]
[White "Li, Toplink"]
[Black "Goetz, Fenja"]
[Result "0-1"]
[WhiteElo "767"]
[BlackElo "1236"]
[PlyCount "74"]
[EventDate "2017.??.??"]
[WhiteTeam "Frankfurter TV"]
[BlackTeam "SK Bad Homburg"]

1. e4 c5 2. Bc4 g6 3. Nc3 Nc6 4. d3 Bg7 5. Be3 d6 6. Nf3 Nf6 7. h3 Bd7 8. O-O
O-O 9. b3 a6 10. d4 b5 11. Be2 b4 12. d5 bxc3 13. dxc6 Bxc6 14. Qd3 Nxe4 15.
Ng5 Nxg5 16. Bxg5 Qd7 17. Bg4 Qb7 18. Qe2 e6 19. Bf3 Bxf3 20. gxf3 Qd5 21. Bh4
Qh5 22. Bg3 Rfd8 23. Kg2 Rab8 24. Qxa6 Be5 25. Rad1 Ra8 26. Qc6 Rxa2 27. Rc1
Qf5 28. Qb6 Rd7 29. Qc6 Rd8 30. Qc7 Rda8 31. Qc6 R8a6 32. Qb5 R6a3 33. Rfe1
Bxg3 34. fxg3 Rxc2+ 35. Kg1 Raa2 36. Rcd1 Qxh3 37. Re2 Rxe2 0-1

[Event "Youth Classic 2017 - Youth Open U14"]
[Site "Bad Soden Neuenhain, Bürgerhau"]
[Date "2017.09.30"]
[Round "1.19"]
[White "Senko, Daniel"]
[Black "Nedilko, Marko"]
[Result "1-0"]
[WhiteElo "1229"]
[BlackElo "753"]
[PlyCount "51"]
[EventDate "2017.??.??"]
[WhiteTeam "SC Bad Soden"]
[BlackTeam "SG Mörsdorf-Lahr"]

1. e4 e5 2. Nf3 Nc6 3. Bc4 Bc5 4. c3 a6 5. d4 Ba7 6. O-O d6 7. d5 Nce7 8. Re1
Nf6 9. Qc2 O-O 10. Bg5 Ng6 11. Nbd2 h6 12. Bh4 Nxh4 13. Nxh4 Ng4 14. g3 Bxf2+
15. Kg2 Bxe1 16. Rxe1 c6 17. Qd1 cxd5 18. Bxd5 Bd7 19. Nf5 Bxf5 20. exf5 Rb8
21. Qxg4 a5 22. Rf1 Kh8 23. Ne4 b5 24. f6 g6 25. Qh4 b4 26. Qxh6+ 1-0

[Event "Youth Classic 2017 - Youth Open U14"]
[Site "Bad Soden Neuenhain, Bürgerhau"]
[Date "2017.09.30"]
[Round "1.20"]
[White "Reinmann, Paul"]
[Black "Markosyan, Aleksandr"]
[Result "0-1"]
[WhiteElo "744"]
[BlackElo "1048"]
[PlyCount "62"]
[EventDate "2017.??.??"]
[WhiteTeam "SC Eschborn"]
[BlackTeam "SG Idstein"]

1. e4 e5 2. Nf3 Nc6 3. Bc4 Bc5 4. h4 Nf6 5. Ng5 d5 6. exd5 Nxd5 7. O-O O-O 8.
Nc3 Nxc3 9. bxc3 b6 10. Nxf7 Rxf7 11. Bxf7+ Kxf7 12. Qf3+ Kg8 13. Rb1 Qxh4 14.
g3 Qh3 15. Qg2 Qf5 16. Rb5 e4 17. d3 exd3 18. cxd3 Bxf2+ 19. Rxf2 Qxb5 20. c4
Qb1 21. Rf1 Bg4 22. Qf2 Qxd3 23. Qf7+ Kh8 24. Qf2 Qd4 25. Qxd4 Nxd4 26. Bb2
Nf3+ 27. Kf2 Rf8 28. Ba3 Rf7 29. Rb1 Nd2+ 30. Ke1 Nxb1 31. Bb2 Re7+ 0-1

[Event "Youth Classic 2017 - Youth Open U14"]
[Site "Bad Soden Neuenhain, Bürgerhau"]
[Date "2017.09.30"]
[Round "1.21"]
[White "Haller, Christian"]
[Black "Moldenhauer, Nils"]
[Result "1-0"]
[WhiteElo "1047"]
[BlackElo "738"]
[PlyCount "81"]
[EventDate "2017.??.??"]
[WhiteTeam "SC Bad Soden"]
[BlackTeam "SV Oberursel"]

1. e4 e5 2. Nf3 Nc6 3. Bc4 Bc5 4. c3 Nf6 5. d4 exd4 6. cxd4 Bb4+ 7. Bd2 Bxd2+
8. Nbxd2 d6 9. h3 Bd7 10. Qc2 O-O 11. O-O-O Nb4 12. Qb3 c5 13. d5 b5 14. Be2
Qa5 15. a3 Na6 16. Kb1 Rfe8 17. Qc2 Nc7 18. Rhe1 b4 19. Nc4 Qb5 20. Nxd6 Qa5
21. Nxe8 Rxe8 22. axb4 Qxb4 23. Bd3 Ba4 24. Qc1 Bxd1 25. Qxd1 Rb8 26. Qc2 Nb5
27. Bxb5 Rxb5 28. d6 Nd7 29. e5 a5 30. Ng5 Qxe1+ 31. Ka2 g6 32. Qc4 Kg7 33.
Qxb5 Nxe5 34. Qxc5 h6 35. Nf3 Nxf3 36. gxf3 Qe6+ 37. b3 Qxh3 38. Qd4+ Kh7 39.
d7 Qxf3 40. d8=Q Qe2+ 41. Ka3 1-0

[Event "Youth Classic 2017 - Youth Open U14"]
[Site "Bad Soden Neuenhain, Bürgerhau"]
[Date "2017.09.30"]
[Round "1.22"]
[White "Gliesche, Joel"]
[Black "Czinkota, Michael"]
[Result "0-1"]
[WhiteElo "732"]
[BlackElo "1035"]
[PlyCount "78"]
[EventDate "2017.??.??"]
[WhiteTeam "SG Mörsdorf-Lahr"]
[BlackTeam "SC Bad Soden"]

1. e4 e5 2. Nf3 Nc6 3. Bc4 Nf6 4. d3 Bc5 5. Nbd2 O-O 6. O-O d6 7. b3 Qe7 8. Bb2
Rd8 9. Bd5 Nxd5 10. exd5 Nd4 11. c3 Nf5 12. d4 exd4 13. cxd4 Bb4 14. a3 Ba5 15.
b4 Bb6 16. Nc4 c5 17. Nxb6 axb6 18. Re1 Qf6 19. Qe2 Bd7 20. dxc5 Qg6 21. c6
bxc6 22. dxc6 Bxc6 23. Rac1 Bb7 24. g3 h6 25. Nd4 Nh4 26. b5 Re8 27. Qd3 Qxd3
28. gxh4 Rxe1+ 29. Rxe1 Qg6+ 30. Kf1 Qg2+ 31. Ke2 Re8+ 32. Kd2 Qxf2+ 33. Re2
Rxe2+ 34. Nxe2 Bf3 35. Bd4 Qxe2+ 36. Kc1 Qc4+ 37. Kd2 Qxd4+ 38. Ke1 Qb2 39. h3
Qe2# 0-1

[Event "Youth Classic 2017 - Youth Open U14"]
[Site "Bad Soden Neuenhain, Bürgerhau"]
[Date "2017.09.30"]
[Round "1.23"]
[White "Haller, Andreas"]
[Black "Lassek, Bjarne"]
[Result "1-0"]
[WhiteElo "1033"]
[BlackElo "731"]
[PlyCount "103"]
[EventDate "2017.??.??"]
[WhiteTeam "SC Bad Soden"]
[BlackTeam "SC Nied"]

1. e4 e5 2. Nf3 Nc6 3. Bc4 Bc5 4. c3 Nf6 5. d4 exd4 6. cxd4 Bb4+ 7. Bd2 Bxd2+
8. Nbxd2 d5 9. exd5 Nxd5 10. O-O Be6 11. Re1 O-O 12. Qc2 Re8 13. Re2 Nf4 14.
Re3 Qf6 15. Nb3 Qg6 16. Qxg6 hxg6 17. Re4 Nh5 18. d5 Nf6 19. dxe6 fxe6 20. Rxe6
Rxe6 21. Bxe6+ Kh7 22. Rc1 Re8 23. Bf7 Re7 24. Bc4 Re2 25. Bxe2 a6 26. Rc4 Kh6
27. Rh4+ Nh5 28. g4 g5 29. Rxh5+ Kg6 30. Bd3+ Kf6 31. Rxg5 Kf7 32. Rf5+ Ke7 33.
Nc5 g6 34. Rg5 Kd6 35. Ne4+ Ke7 36. Rxg6 Kf7 37. Rf6+ Ke7 38. Nfg5 Ne5 39. Re6+
Kd7 40. Rxe5 c6 41. Nf6+ Kc7 42. h4 c5 43. h5 c4 44. Bxc4 b5 45. Bd3 b4 46. Re6
b3 47. axb3 a5 48. h6 a4 49. h7 axb3 50. h8=R Kb7 51. Rh7+ Kc8 52. Re8# 1-0

[Event "Youth Classic 2017 - Youth Open U14"]
[Site "Bad Soden Neuenhain, Bürgerhau"]
[Date "2017.09.30"]
[Round "2.1"]
[White "Gräf, Jakob"]
[Black "Gallasch, Jonas"]
[Result "0-1"]
[WhiteElo "1268"]
[BlackElo "1761"]
[PlyCount "78"]
[EventDate "2017.??.??"]
[WhiteTeam "SV Frankfurt Nord"]
[BlackTeam "SG Porz"]

1. f4 e5 2. e4 exf4 3. Nf3 g5 4. h3 Nc6 5. Bc4 d6 6. b3 Bg7 7. Nc3 Be6 8. Bxe6
fxe6 9. Bb2 Qe7 10. Qe2 O-O-O 11. O-O-O h6 12. Kb1 Nf6 13. d4 Rhe8 14. Rhf1 Nh5
15. Qd3 a6 16. a3 Qf7 17. Rd2 e5 18. d5 Nb8 19. Rdf2 Qg6 20. Ne2 Nd7 21. Bc3
Nc5 22. Qc4 Qxe4 23. Nd2 Qxc4 24. Nxc4 Ne4 25. Rf3 Nxc3+ 26. Rxc3 e4 27. Nxd6+
Rxd6 28. Rc5 b6 29. Rc6 Rxc6 30. dxc6 Rd8 31. Re1 Rd6 32. Nc1 Ng3 33. Ne2 Nxe2
34. c4 Rd2 35. b4 Rb2+ 36. Ka1 Rxb4+ 37. Ka2 Nc3+ 38. Ka1 Nb5+ 39. Ka2 Rb2+ 0-1

[Event "Youth Classic 2017 - Youth Open U14"]
[Site "Bad Soden Neuenhain, Bürgerhau"]
[Date "2017.09.30"]
[Round "2.2"]
[White "Riemann, Jonas"]
[Black "Moldenhauer, Lennart"]
[Result "1-0"]
[WhiteElo "1689"]
[BlackElo "1272"]
[PlyCount "95"]
[EventDate "2017.??.??"]
[WhiteTeam "SK Bickenbach"]
[BlackTeam "SV Oberursel"]

1. e4 e5 2. Nf3 Nc6 3. Bc4 Nf6 4. d3 Bc5 5. Be3 Bb6 6. c3 d6 7. Bb3 Be6 8. Bc2
O-O 9. O-O Qd7 10. d4 exd4 11. cxd4 d5 12. e5 Ne4 13. Nc3 Bf5 14. Nh4 Bg4 15.
f3 Nxc3 16. bxc3 Bh5 17. Nf5 Bg6 18. Ng3 Na5 19. Ba4 c6 20. f4 Nc4 21. Qe2 f5
22. Bf2 Rae8 23. Qc2 Bd8 24. Bb3 b5 25. Bxc4 bxc4 26. Rab1 Bb6 27. Rb2 Rb8 28.
Rfb1 Qc7 29. Ne2 Qe7 30. Qa4 Be8 31. Qc2 Bg6 32. Kh1 h6 33. Ng1 Kh8 34. Nf3 Qe6
35. a4 Bc7 36. Nh4 Bh7 37. a5 Qc8 38. Qa4 Qa6 39. Qa3 Rfe8 40. Nf3 Qc8 41. Bh4
Kg8 42. Be7 Qd7 43. Bc5 Qc8 44. Bxa7 Ra8 45. Bb6 Bxb6 46. Rxb6 Kh8 47. Qc5 Re6
48. Ra1 1-0

[Event "Youth Classic 2017 - Youth Open U14"]
[Site "Bad Soden Neuenhain, Bürgerhau"]
[Date "2017.09.30"]
[Round "2.3"]
[White "Porstendörfer, Eric"]
[Black "Hagner, Bennet"]
[Result "0-1"]
[WhiteElo "1253"]
[BlackElo "1680"]
[PlyCount "44"]
[EventDate "2017.??.??"]
[WhiteTeam "SK Klingenberg"]
[BlackTeam "Frankfurter TV"]

1. e4 c6 2. Nc3 d5 3. d3 e5 4. Nf3 Bg4 5. Be2 d4 6. Nxe5 Bxe2 7. Nxe2 Qa5+ 8.
c3 dxc3 9. Nc4 cxb2+ 10. Nxa5 bxa1=Q 11. Qb3 b6 12. O-O Qf6 13. Nc4 Nd7 14. Be3
b5 15. Na5 Bd6 16. h3 Ne7 17. d4 Bc7 18. Nb7 Rb8 19. Nc5 Nxc5 20. dxc5 O-O 21.
Bd4 Be5 22. Be3 Ng6 0-1

[Event "Youth Classic 2017 - Youth Open U14"]
[Site "Bad Soden Neuenhain, Bürgerhau"]
[Date "2017.09.30"]
[Round "2.4"]
[White "Boder, Jan"]
[Black "Wu, Sifan"]
[Result "1-0"]
[WhiteElo "1772"]
[BlackElo "1264"]
[PlyCount "57"]
[EventDate "2017.??.??"]
[WhiteTeam "SG Mörsdorf-Lahr"]
[BlackTeam "SV Oberursel"]

1. c4 c5 2. g3 Nc6 3. Bg2 d6 4. Nc3 Nf6 5. e3 Bf5 6. Nge2 e5 7. d4 cxd4 8. exd4
Rb8 9. O-O Be7 10. a3 O-O 11. b4 b6 12. Bxc6 Rc8 13. d5 Bh3 14. Re1 Ne8 15. f4
f5 16. Bb2 b5 17. Nxb5 Qb6+ 18. Ned4 Bf6 19. fxe5 dxe5 20. c5 Qb8 21. Ne6 Rxc6
22. dxc6 Qxb5 23. Nxf8 Qxc6 24. Qc2 Bg5 25. Qf2 Nf6 26. Ng6 Ng4 27. Nxe5 Qa8
28. Nxg4 fxg4 29. Re2 1-0